Shorea seedling ecology in a lowland Malaysian rainforest

Bibliographic Details
Main Author: BECKER
Format: Book
Published: Ann Arbor, Mich. : University Microfilms International , 1982
Subjects:

MARC

LEADER 00000cam a2200000 7i4500
001 0000002801
005 20040114.0
090 0 0 |a 581.52642   |b BEC 
100 1 0 |a BECKER   |h Peter Francis 
245 1 0 |a Shorea seedling ecology in a lowland Malaysian rainforest   |c Peter Francis Becker 
260 0 0 |a Ann Arbor, Mich. :   |b University Microfilms International ,   |c 1982 
300 |a xii, 137 p. :   |b ill. ;   |c 22 cm. 
500 0 0 |a Bibliography : p. 116-121 
500 0 0 |a Thesis (Ph.D.) - University of Michigan, 1982 
650 0 0 |a Ecology   |x Research   |z Malaysia 
650 0 0 |a Rain forest ecology   |z Malaysia 
650 0 0 |a Shorea 
998 |a JPSM 
999 |a 0000004470   |b Monograph   |c Open Shelf   |e Default branch